000 00764nam a22002297a 4500
003 UA-OsUOA
001 51417
007 ta
008 20140904b un ||||| |||| 00| 0 ukr d
090 _a82-94
_bВ42
942 _cBK
040 _aUA-OsUOA
_bukr
_cUA-OsUOA
_dUA-OsUOA
245 _aВизвольні змагання очима розвідника (Документальна спадщина Миколи Чеботаріва)
300 _a288 с.
955 _a4
041 _aukr
080 _a82-94
260 _aК.
_bТемпора
_c2003
650 7 _a82 Література. Літературознавство
_2UDC
999 _c431547
_d431547